Κατάλογος Βιβλιοθηκών Mediterranean College

Clinical Psychology / Assessment, Treatment, and Research (Record no. 8185)

MARC details
000 -LEADER
fixed length control field 01675cam a22002054a 4500
005 - ΗΜΕΡΟΜΗΝΙΑ ΚΑΙ ΩΡΑ ΤΕΛΕΥΤΑΙΑΣ ΕΝΗΜΕΡΩΣΗΣ
Πεδίο ελέγχου 20250605164329.0
008 - FIXED-LENGTH DATA ELEMENTS--GENERAL INFORMATION
Πεδίο ελέγχου σταθερού μήκους 250528s ||||||||||||||||||||||||d
035 ## - SYSTEM CONTROL NUMBER
System control number 23155
020 ## - ISBN
ISBN 9780123742568
040 ## - ΠΗΓΗ ΚΑΤΑΛΟΓΟΓΡΑΦΗΣΗΣ
Φορέας πρωτότυπης καταλογογράφησης MC Athens Campus Library
Γλώσσα καταλογογράφησης Ελληνικά, Μοντέρνα (1453-)
Modifying agency MC Athens Campus Library
Κανόνες περιγραφικής καταλογογράφησης AACR2
245 1# - ΤΙΤΛΟΣ ΚΑΙ ΔΗΛΩΣΗ ΥΠΕΥΘΥΝΟΤΗΤΑΣ
Τίτλος Clinical Psychology / Assessment, Treatment, and Research
260 ## - PUBLICATION, DISTRIBUTION, ETC.
Name of publisher, distributor, etc. Elsevier,
Date of publication, distribution, etc. 2009
300 ## - PHYSICAL DESCRIPTION
Extent 568
520 ## - SUMMARY, ETC.
Summary, etc. This graduate - level introductory textbook on clinical psychology brings a broad overview to the field and is oriented to how a clinician approaches real life patients. Contributors, Preface, Professional Psychology Education and Training: Models and Sequence and Current Issues, Ethics in Assessment and Treatment and Research, Assessment of Intelligence and Achievement and Adaptive Behavior, Psychological Diagnosis, Assessment of Personality, Behavioral Assessment and Functional Analysis, Behavioral Assessment and Functional Analysis, Clinical and Forensic Neuropsychology Assessment, Psychodynamic and Psychoanalytic Psychotherapy, Interpersonal Psychotherapy, Behavior Therapy and Behavior Analysis: Overview and Third - Generation Perspectives, Cognitive - Behavioral Therapy: Breadth and Range and Diversity, Existential and Humanistic Psychotherapies, Child and Family and Couples Therapy, Clinical Health Psychology, Pharmacotherapy and Psychotherapy, Program Evaluation and Clinical Psychology, Diversity Issues in Clinical Psychology, Clinical Psychology Practice, Dissemination of Research Findings, The Future of the Profession, Index.
700 1# - ΠΡΟΣΘΕΤΗ ΑΝΑΓΡΑΦΗ--ΦΥΣΙΚΟ ΠΡΟΣΩΠΟ
Personal name Huprich Steven K
9 (RLIN) 8729
700 1# - ΠΡΟΣΘΕΤΗ ΑΝΑΓΡΑΦΗ--ΦΥΣΙΚΟ ΠΡΟΣΩΠΟ
Personal name Richard David C.S
9 (RLIN) 8730
942 ## - ADDED ENTRY ELEMENTS (KOHA)
Koha item type Books
Holdings
Τύπος τεκμηρίου Βιβλιοθήκη Τρέχουσα τοποθεσία Barcode Αριθμός εισαγωγής Ημερομηνία απόκτησης Ταξιθετικό σύμβολο Αριθμός αντιτύπου Κατάσταση απόσυρσης Κατάσταση χαμένου Κατάσταση κατεστραμμένου Μη δανεισμός Σύνολο δανεισμών Ημερομηνία τελευταίας εμφάνισης Η τιμή ισχύει από
Books MC Athens Campus Library MC Athens Campus Library 9780000081841 7665 05/06/2025 616.89 RIC 1           05/06/2025 05/06/2025

MC Athens Campus Library
Πατησίων 94 & Κοδριγκτώνος 13, 104 34
Πελλήνης 8 & Πατησίων 107, 112 51
Τ: +30 210 8899600

MC Thessaloniki Campus Library
Ίωνος Δραγούμη 21, 54625 | Ίωνος Δραγούμη 15, 54625
Τ: +30 2310 287779 – Τ: +30 2314 440300